000
00349nam a2200133Ia 4500
008
100328s9999 xx 000 0 und d
082
_b
64930
100
_a
मुजावर बशीर.
245
_a
प्रवाही.
260
_b
पायल.
630
_a
प्रवाही.
730
_a
प्रवाही.
942
_c
BOOK
999
_c
550683
_d
550680